[Event "First Saturday IM Nov 2013"]
[Site "Budapest"]
[Date "2013.11.02"]
[Round "1.1"]
[White "Matsenko, Andrei"]
[Black "Szeberenyi, Adam"]
[Result "1/2-1/2"]
[WhiteElo "2269"]
[BlackElo "2314"]
[PlyCount "41"]
[EventDate "2013.11.02"]

1. e4 c5 2. Nf3 e6 3. b3 b6 4. Bb2 Bb7 5. Bd3 Nf6 6. e5 Nd5 7. Be4 Ne3 8. dxe3
Bxe4 9. Nbd2 Bb7 10. a4 Nc6 11. Nc4 Ba6 12. Qd3 Be7 13. Nd6+ Bxd6 14. Qxa6 Be7
15. Rd1 Qc7 16. O-O O-O 17. Qd3 Rad8 18. Qe4 d6 19. exd6 Rxd6 20. Rxd6 Qxd6 21.
Ne5 1/2-1/2

[Event "First Saturday IM Nov 2013"]
[Site "Budapest"]
[Date "2013.11.02"]
[Round "1.2"]
[White "Balint, Vilmos"]
[Black "Kantor, Gergely"]
[Result "1-0"]
[WhiteElo "2232"]
[BlackElo "2322"]
[PlyCount "97"]
[EventDate "2013.11.02"]

1. e4 c5 2. Nf3 e6 3. d4 cxd4 4. Nxd4 Nc6 5. Be3 Nf6 6. Bd3 d5 7. Nxc6 bxc6 8.
e5 Nd7 9. f4 Nc5 10. Be2 Be7 11. c3 O-O 12. Nd2 a5 13. O-O a4 14. b4 axb3 15.
axb3 Ba6 16. Bxa6 Rxa6 17. b4 Rxa1 18. Qxa1 Nd7 19. Qa7 f6 20. Nf3 fxe5 21.
fxe5 c5 22. Qa6 Qb6 23. Qxb6 Nxb6 24. Bxc5 Bxc5+ 25. bxc5 Na4 26. c6 Nxc3 27.
Nd4 Rc8 28. Rf3 Na4 29. Nxe6 Nb6 30. c7 Na8 31. Rb3 Nxc7 32. Rc3 Nxe6 33. Rxc8+
Kf7 34. Kf2 Kg6 35. g4 d4 36. Rc6 Kf7 37. Rd6 Ke7 38. Kf3 g6 39. h4 h6 40. Ke4
h5 41. g5 Kf7 42. Rb6 Ke7 43. Kd5 Nf4+ 44. Kxd4 Ne6+ 45. Kd5 Nf4+ 46. Ke4 Ne6
47. Rb7+ Ke8 48. Kd5 Nf4+ 49. Kd6 1-0

[Event "First Saturday IM Nov 2013"]
[Site "Budapest"]
[Date "2013.11.02"]
[Round "1.3"]
[White "To, Nhat Minh"]
[Black "Nguyen, Thi Mai Hung"]
[Result "1-0"]
[WhiteElo "2334"]
[BlackElo "2204"]
[PlyCount "37"]
[EventDate "2013.11.02"]

1. d4 d5 2. c4 c6 3. Nf3 Nf6 4. e3 e6 5. b3 Nbd7 6. Bb2 Bd6 7. Bd3 O-O 8. Nbd2
b6 9. O-O Bb7 10. Ne5 c5 11. cxd5 exd5 12. f4 Ne4 13. Nxe4 dxe4 14. Bc4 cxd4
15. Nxd7 Qxd7 16. Qxd4 Qg4 17. Qxd6 Rad8 18. Qe7 Rd7 19. Qg5 1-0

[Event "First Saturday IM Nov 2013"]
[Site "Budapest"]
[Date "2013.11.02"]
[Round "1.4"]
[White "Golubov, Saveliy"]
[Black "Kozak, Adam"]
[Result "1-0"]
[WhiteElo "2282"]
[BlackElo "2163"]
[PlyCount "67"]
[EventDate "2013.11.02"]

1. e4 e5 2. Nf3 Nc6 3. Bc4 Bc5 4. O-O Nf6 5. d3 a6 6. c3 d6 7. Bb3 Ba7 8. h3
O-O 9. Re1 Re8 10. Nbd2 Be6 11. Bc2 d5 12. Ng5 Bc8 13. exd5 Nb8 14. Nde4 Nbd7
15. Bb3 h6 16. Nf3 Nf8 17. Ng3 Ng6 18. c4 Bd7 19. Be3 Bxe3 20. fxe3 c6 21. e4
Qc8 22. Qd2 c5 23. Rf1 Qd8 24. Bc2 Qb6 25. Rab1 Nf4 26. Kh2 Qc7 27. b4 cxb4 28.
Qxb4 Rab8 29. d6 Qc8 30. Nxe5 Nxh3 31. Rxf6 gxf6 32. Nxd7 Qxd7 33. gxh3 Re5 34.
Rf1 1-0

[Event "First Saturday IM Nov 2013"]
[Site "Budapest"]
[Date "2013.11.02"]
[Round "1.5"]
[White "Lyell, Mark"]
[Black "Kozlitin, Oleg"]
[Result "1/2-1/2"]
[WhiteElo "2274"]
[BlackElo "2314"]
[PlyCount "106"]
[EventDate "2013.11.02"]

1. e4 c5 2. Nf3 d6 3. Bb5+ Nd7 4. d4 Ngf6 5. O-O a6 6. Bxd7+ Nxd7 7. Re1 e6 8.
b3 Be7 9. Bb2 O-O 10. a4 b6 11. c4 Bb7 12. Nc3 Qc7 13. d5 e5 14. Qd3 Nf6 15. a5
bxa5 16. Ne2 Nh5 17. g4 Nf6 18. h3 h5 19. g5 Nh7 20. Kh2 Bc8 21. Rg1 Qd7 22.
Rg3 g6 23. Rag1 a4 24. Qc3 Re8 25. Nh4 Rb8 26. Nc1 Qb7 27. f4 Bf8 28. f5 Qb4
29. f6 Qxc3 30. Rxc3 Nxg5 31. Rxg5 Bh6 32. Rg2 Bf4+ 33. Kg1 Bd7 34. bxa4 Bxa4
35. Nd3 Be3+ 36. Kf1 Bd7 37. Rg3 Bf4 38. Rf3 Bg5 39. Ng2 Bh6 40. Bc1 Bxc1 41.
Nxc1 Rb1 42. Kf2 a5 43. Ne1 a4 44. Ncd3 Ra8 45. Nc2 h4 46. Na3 Ra1 47. Ne1 Rb8
48. Nec2 Rb2 49. Ke3 Rh1 50. Kd2 Ra2 51. Ke2 Rc1 52. Kd2 Rh1 53. Ke2 Rc1
1/2-1/2

[Event "First Saturday IM Nov 2013"]
[Site "Budapest"]
[Date "2013.11.02"]
[Round "1.6"]
[White "Rudakov, Aleksandr"]
[Black "Kislik, Erik Andrew"]
[Result "1/2-1/2"]
[WhiteElo "2340"]
[BlackElo "2376"]
[PlyCount "26"]
[EventDate "2013.11.02"]

1. e4 c6 2. d4 d5 3. Nc3 dxe4 4. Nxe4 Bf5 5. Ng3 Bg6 6. h4 h6 7. Nf3 e6 8. h5
Bh7 9. Bd3 Bxd3 10. Qxd3 Nf6 11. Bd2 Nbd7 12. O-O-O Be7 13. Qe2 O-O 1/2-1/2

[Event "First Saturday IM Nov 2013"]
[Site "Budapest"]
[Date "2013.11.04"]
[Round "2.1"]
[White "Szeberenyi, Adam"]
[Black "Kislik, Erik Andrew"]
[Result "1-0"]
[WhiteElo "2314"]
[BlackElo "2376"]
[PlyCount "81"]
[EventDate "2013.11.02"]

1. d4 Nf6 2. c4 e6 3. Nf3 b6 4. a3 Bb7 5. Nc3 d5 6. Bg5 Be7 7. Bxf6 Bxf6 8.
cxd5 exd5 9. Qb3 O-O 10. Rd1 c5 11. e3 c4 12. Qc2 Nc6 13. g3 Re8 14. Bg2 Na5
15. O-O Qd7 16. h4 h6 17. Kh2 Bc6 18. Ng1 Rad8 19. Nge2 g5 20. Bh3 Qd6 21. hxg5
hxg5 22. Kg2 Kg7 23. Rh1 Rh8 24. Bf5 Rxh1 25. Rxh1 Rh8 26. Qb1 Qd8 27. Rxh8
Kxh8 28. g4 Kg8 29. Ng3 Nb7 30. Qh1 Nd6 31. Qh6 Nxf5 32. gxf5 Bb7 33. Nh5 Bh8
34. f6 g4 35. Qg5+ Kf8 36. Qe5 Bc6 37. Kg3 a5 38. a4 Kg8 39. Kxg4 Qd7+ 40. Kg5
Qh3 41. Kh6 1-0

[Event "First Saturday IM Nov 2013"]
[Site "Budapest"]
[Date "2013.11.04"]
[Round "2.2"]
[White "Kozlitin, Oleg"]
[Black "Rudakov, Aleksandr"]
[Result "1-0"]
[WhiteElo "2314"]
[BlackElo "2340"]
[PlyCount "115"]
[EventDate "2013.11.02"]

1. e4 e6 2. d4 d5 3. Nc3 Nf6 4. Bg5 dxe4 5. Nxe4 Be7 6. Bxf6 gxf6 7. Nf3 b6 8.
Bb5+ c6 9. Bc4 Bb7 10. Qe2 Nd7 11. O-O-O Qc7 12. Rhe1 O-O-O 13. Ba6 Rhg8 14. g3
b5 15. Bxb7+ Qxb7 16. Kb1 Nb6 17. Nc5 Bxc5 18. dxc5 Nd5 19. c4 bxc4 20. Qxc4
Kc7 21. Rd3 Rb8 22. Rb3 Qa8 23. Nd2 a5 24. Re4 Rxb3 25. Nxb3 Rb8 26. Qa4 Rb5
27. Rh4 Qb8 28. Rxh7 Qg8 29. Rh4 Nb4 30. a3 Qg6+ 31. Ka1 Nd5 32. Qc4 e5 33. Ka2
Qf5 34. Qe2 Qe6 35. Qc2 f5 36. Ra4 Nf6 37. Qc4 Ne4 38. Qxe6 fxe6 39. f3 Nxc5
40. Rxa5 Rxa5 41. Nxa5 e4 42. fxe4 Nxe4 43. Nc4 Kb7 44. Kb3 Ka6 45. Kb4 Kb7 46.
Ka5 Nf6 47. b4 Ng4 48. h3 Nf6 49. b5 cxb5 50. Kxb5 Ne4 51. g4 f4 52. h4 f3 53.
Ne3 f2 54. Kc4 Nd2+ 55. Kc5 f1=Q 56. Nxf1 Nxf1 57. h5 Nd2 58. Kd6 1-0

[Event "First Saturday IM Nov 2013"]
[Site "Budapest"]
[Date "2013.11.04"]
[Round "2.3"]
[White "Kozak, Adam"]
[Black "Lyell, Mark"]
[Result "1-0"]
[WhiteElo "2163"]
[BlackElo "2274"]
[PlyCount "126"]
[EventDate "2013.11.02"]

1. d4 d5 2. c4 dxc4 3. e4 Nc6 4. Nf3 Nf6 5. Nc3 Bg4 6. d5 Ne5 7. Be2 Bxf3 8.
gxf3 e6 9. f4 Nd3+ 10. Bxd3 cxd3 11. Qxd3 exd5 12. e5 Nd7 13. Qxd5 Nc5 14. Be3
Nd3+ 15. Ke2 Qxd5 16. Nxd5 O-O-O 17. Kxd3 Rxd5+ 18. Ke4 Rb5 19. b3 Ba3 20. Rhg1
g6 21. Rad1 Re8 22. Rd4 a6 23. Rgd1 f6 24. Rd5 f5+ 25. Kf3 Rxd5 26. Rxd5 Rd8
27. Ra5 Be7 28. Ke2 Kd7 29. Ra4 Ke6 30. Rc4 c6 31. Rc1 Rd5 32. Rg1 Bh4 33. Rc1
Rb5 34. Rd1 Be7 35. Rg1 a5 36. Kd3 Bd8 37. Kc3 Rd5 38. Kc2 Rd7 39. Rg3 Kd5 40.
Kd3 c5 41. a4 b6 42. Rh3 Bc7 43. Rh6 Bd8 44. h4 Bc7 45. h5 g5 46. e6 Re7 47.
fxg5 Be5 48. f4 Bb2 49. Bd2 Bd4 50. Bc1 Ba1 51. Bd2 Bd4 52. Bc3 Bxc3 53. Kxc3
Ke4 54. Rxh7 Rxh7 55. g6 Re7 56. h6 Rxe6 57. h7 Rxg6 58. h8=Q Kxf4 59. Qh4+ Ke5
60. Kd3 Rd6+ 61. Ke3 Re6 62. Qf4+ Kd5+ 63. Kd3 Kc6 1-0

[Event "First Saturday IM Nov 2013"]
[Site "Budapest"]
[Date "2013.11.04"]
[Round "2.4"]
[White "Nguyen, Thi Mai Hung"]
[Black "Golubov, Saveliy"]
[Result "1/2-1/2"]
[WhiteElo "2204"]
[BlackElo "2282"]
[PlyCount "80"]
[EventDate "2013.11.02"]

1. d4 Nf6 2. Nf3 d5 3. e3 c6 4. c4 e6 5. Nbd2 Bd6 6. Bd3 O-O 7. O-O Nbd7 8. e4
dxe4 9. Nxe4 Nxe4 10. Bxe4 h6 11. b3 e5 12. Bc2 Re8 13. Re1 exd4 14. Rxe8+ Qxe8
15. Qxd4 Bc5 16. Qd3 Nf8 17. Bb2 f6 18. Re1 Qf7 19. h3 Be6 20. Nd4 Rd8 21. Qe4
Bc8 22. Bc3 a5 23. Nf5 Bxf5 24. Qxf5 b6 25. Qf3 Rd6 26. Be4 Qd7 27. Bf5 Qf7 28.
Qg3 Qh5 29. Be4 Kf7 30. h4 Ne6 31. a3 Bxa3 32. b4 Rd1 33. bxa5 Qe2 34. Qe3
Rxe1+ 35. Bxe1 Qxe3 36. fxe3 bxa5 37. Bxa5 c5 38. Bc3 Bb4 39. Bb2 Nf8 40. Kf2
Nd7 1/2-1/2

[Event "First Saturday IM Nov 2013"]
[Site "Budapest"]
[Date "2013.11.04"]
[Round "2.5"]
[White "Kantor, Gergely"]
[Black "To, Nhat Minh"]
[Result "0-1"]
[WhiteElo "2322"]
[BlackElo "2334"]
[PlyCount "76"]
[EventDate "2013.11.02"]

1. d4 Nf6 2. c4 g6 3. Nc3 Bg7 4. e4 d6 5. Bd3 O-O 6. Nge2 Nc6 7. O-O e5 8. d5
Nd4 9. Bc2 c5 10. dxc6 Nxe2+ 11. Qxe2 bxc6 12. Rd1 Ba6 13. b4 Qc7 14. Bb3 Rab8
15. Ba3 Rfd8 16. Rac1 d5 17. b5 d4 18. Na4 Bc8 19. Bb4 Bf8 20. Bd2 Nh5 21. Qf3
c5 22. Nb2 f5 23. exf5 Bb7 24. Qe2 e4 25. fxg6 hxg6 26. Qg4 Kh7 27. Re1 Bd6 28.
Qh4 Rf8 29. Bc2 Rbe8 30. Bg5 Rf5 31. g3 Qf7 32. Re2 d3 33. Nxd3 exd3 34. Rxe8
Rxf2 35. Bf4 Rg2+ 36. Kf1 dxc2 37. Rxc2 Rxc2 38. Qd8 Qxc4+ 0-1

[Event "First Saturday IM Nov 2013"]
[Site "Budapest"]
[Date "2013.11.04"]
[Round "2.6"]
[White "Matsenko, Andrei"]
[Black "Balint, Vilmos"]
[Result "1-0"]
[WhiteElo "2269"]
[BlackElo "2232"]
[PlyCount "120"]
[EventDate "2013.11.02"]

1. e4 e5 2. Nf3 Nc6 3. Bb5 Nf6 4. O-O Nxe4 5. d4 Nd6 6. dxe5 Nxb5 7. a4 Nbd4 8.
Nxd4 Nxd4 9. Qxd4 d5 10. exd6 Qxd6 11. Qe3+ Be6 12. Nc3 Qc6 13. Nb5 Bc5 14. Qg3
O-O-O 15. Bf4 a6 16. Bxc7 axb5 17. Bxd8 Rxd8 18. axb5 Qd6 19. Qxg7 Kc7 20. Qc3
Qd4 21. b6+ Kxb6 22. Qa5+ Kc6 23. c3 Qd2 24. b4 Bb6 25. Qe5 Qd5 26. Qg3 Bc7 27.
c4 Qh5 28. b5+ Kd7 29. Rfd1+ Ke8 30. Rxd8+ Kxd8 31. Qd3+ Ke7 32. g3 Qf5 33.
Qxf5 Bxf5 34. c5 Bc8 35. f4 b6 36. c6 Be6 37. Rc1 Bb3 38. Kf2 Ba4 39. Re1+ Kd8
40. Rb1 f5 41. Rb2 Bd6 42. Ke2 Ba3 43. Rb1 Bc2 44. Ra1 Be7 45. Ra8+ Kc7 46. Kd2
Bb3 47. Kd3 h5 48. Rh8 Bc5 49. Rh7+ Kd8 50. Rxh5 Ba2 51. Rh8+ Kc7 52. Rh7+ Kc8
53. h4 Bb1+ 54. Kc3 Bf2 55. Rg7 Be1+ 56. Kc4 Ba2+ 57. Kd4 Bf2+ 58. Kd3 Bb1+ 59.
Kd2 Ba2 60. h5 Bd4 1-0

[Event "First Saturday IM Nov 2013"]
[Site "Budapest"]
[Date "2013.11.05"]
[Round "3.1"]
[White "Balint, Vilmos"]
[Black "Szeberenyi, Adam"]
[Result "1-0"]
[WhiteElo "2232"]
[BlackElo "2314"]
[PlyCount "107"]
[EventDate "2013.11.02"]

1. e4 e6 2. d4 d5 3. Nc3 dxe4 4. Nxe4 Bd7 5. Nf3 Bc6 6. Bd3 Nd7 7. Qe2 Ngf6 8.
Ng3 Bxf3 9. Qxf3 c6 10. O-O Be7 11. b3 O-O 12. Bb2 Re8 13. c4 a5 14. Ne2 a4 15.
Qh3 Qa5 16. f4 a3 17. Bc3 Bb4 18. Bxb4 Qxb4 19. g4 Nf8 20. g5 N6d7 21. f5 exf5
22. Qxf5 Re7 23. c5 Qd2 24. Bc4 Ne6 25. Rad1 Qxg5+ 26. Ng3 g6 27. Qxg5 Nxg5 28.
h4 Ne6 29. d5 cxd5 30. Bxd5 Ndxc5 31. b4 Na6 32. Ne4 Nxb4 33. Bb3 Rd8 34. Rde1
Kg7 35. Ng5 Nd3 36. Rxf7+ Rxf7 37. Nxe6+ Kh6 38. Nxd8 Rd7 39. Re8 Nc1 40. Nf7+
Kh5 41. Re5+ Kxh4 42. Re4+ Kg3 43. Ne5 Rd2 44. Rg4+ Kh3 45. Bc4 Ne2+ 46. Kf2
Nc3+ 47. Ke3 Rd8 48. Be6 Re8 49. Rxg6+ Kh2 50. Rh6+ Kg1 51. Nf3+ Kf1 52. Kf4
Ne2+ 53. Ke3 Nc3 54. Rh1+ 1-0

[Event "First Saturday IM Nov 2013"]
[Site "Budapest"]
[Date "2013.11.05"]
[Round "3.2"]
[White "To, Nhat Minh"]
[Black "Matsenko, Andrei"]
[Result "1-0"]
[WhiteElo "2334"]
[BlackElo "2269"]
[PlyCount "65"]
[EventDate "2013.11.02"]

1. d4 d5 2. c4 c6 3. Nf3 Nf6 4. e3 Bf5 5. Nc3 e6 6. Nh4 Bg6 7. Nxg6 hxg6 8. Bd3
Nbd7 9. O-O Bd6 10. h3 O-O 11. Qc2 Qe7 12. Bd2 Rac8 13. c5 Bb8 14. f4 Ne8 15.
b4 f5 16. b5 Ndf6 17. bxc6 bxc6 18. Rfb1 Ne4 19. Nxe4 fxe4 20. Ba6 Rd8 21. Qa4
g5 22. Qxc6 gxf4 23. exf4 Nc7 24. Ba5 Nxa6 25. Bxd8 Qxd8 26. Qxa6 Bxf4 27.
Qxe6+ Kh7 28. Kh1 Qg5 29. Qg4 Qxg4 30. hxg4 Rf6 31. g3 Rh6+ 32. Kg2 Be3 33. Rh1
1-0

[Event "First Saturday IM Nov 2013"]
[Site "Budapest"]
[Date "2013.11.05"]
[Round "3.3"]
[White "Golubov, Saveliy"]
[Black "Kantor, Gergely"]
[Result "0-1"]
[WhiteElo "2282"]
[BlackElo "2322"]
[PlyCount "62"]
[EventDate "2013.11.02"]

1. e4 c5 2. Nf3 e6 3. c4 Nf6 4. Nc3 Nc6 5. Be2 d5 6. exd5 exd5 7. d4 Be7 8. O-O
O-O 9. Be3 dxc4 10. dxc5 Ng4 11. Bf4 Bxc5 12. h3 Nxf2 13. Rxf2 Bxf2+ 14. Kxf2
Qb6+ 15. Be3 Qxb2 16. Na4 Qf6 17. Bxc4 Be6 18. Be2 Rad8 19. Qc1 h6 20. Nc5 Bd5
21. Nxb7 Rc8 22. Qd1 Nb4 23. Rb1 Qe7 24. Nc5 Rfe8 25. Qd2 Nc2 26. Ba6 Rxc5 27.
Bxc5 Qxc5+ 28. Kg3 Qd6+ 29. Kf2 Qc5+ 30. Kg3 Ne3 31. Be2 Bxf3 0-1

[Event "First Saturday IM Nov 2013"]
[Site "Budapest"]
[Date "2013.11.05"]
[Round "3.4"]
[White "Lyell, Mark"]
[Black "Nguyen, Thi Mai Hung"]
[Result "1-0"]
[WhiteElo "2274"]
[BlackElo "2204"]
[PlyCount "199"]
[EventDate "2013.11.02"]

1. e4 c5 2. Nc3 g6 3. d4 cxd4 4. Qxd4 Nf6 5. Nf3 Nc6 6. Qa4 d6 7. e5 dxe5 8.
Nxe5 Bd7 9. Nxd7 Qxd7 10. Be3 Bg7 11. Rd1 Qg4 12. Qb3 O-O 13. h3 Qb4 14. Be2
Qxb3 15. cxb3 Rfd8 16. Bf3 a6 17. Ke2 e5 18. Bxc6 bxc6 19. Bb6 Rd7 20. Rxd7
Nxd7 21. Be3 f5 22. Rd1 Nf6 23. Bg5 Rc8 24. Bxf6 Bxf6 25. Rd7 Rd8 26. Ra7 Bg5
27. Nb1 Bc1 28. Rxa6 Rc8 29. Nd2 e4 30. Nc4 c5 31. Ra7 Rd8 32. Rc7 Rd5 33. a4
Bf4 34. Rb7 Rd8 35. a5 Ra8 36. Rb5 Rc8 37. g3 Bg5 38. Rb7 Ra8 39. Rc7 h5 40.
Rxc5 h4 41. g4 Be7 42. Rc6 Kg7 43. gxf5 gxf5 44. a6 Kf7 45. Ne5+ Kg7 46. Rg6+
Kh7 47. Rb6 Bc5 48. Rb5 Bd6 49. Nc4 Rxa6 50. Rxf5 Kg6 51. Ra5 Rxa5 52. Nxa5 Kf5
53. Nc4 Bc5 54. Ne3+ Ke5 55. Nc2 Ba7 56. b4 Bb6 57. b5 Kd5 58. Ne3+ Kc5 59. Nf5
Kxb5 60. Nd6+ Kb4 61. Nxe4 Bd4 62. Kf3 Bxb2 63. Kg4 Kc4 64. f4 Kd5 65. Ng5 Bc1
66. Nf3 Ke6 67. Nxh4 Kf6 68. Nf3 Be3 69. Ng5 Bc1 70. Ne4+ Kg6 71. f5+ Kh6 72.
h4 Bb2 73. Ng5 Bf6 74. Ne6 Bb2 75. Nf4 Bc3 76. Nd5 Bb2 77. f6 Kg6 78. h5+ Kh6
79. Kf5 Kxh5 80. f7 Ba3 81. Kf6 Kh6 82. Ne7 Bb2+ 83. Ke6 Kg7 84. Nf5+ Kf8 85.
Nh4 Ba3 86. Nf3 Kg7 87. Nd4 Kf8 88. Nf5 Bb2 89. Nd6 Ba3 90. Ne4 Bb2 91. Ng5 Ba3
92. Nh7+ Kg7 93. Nf6 Kf8 94. Nd7+ Kg7 95. Nf6 Kf8 96. Nh5 Bb2 97. Nf4 Ba3 98.
Kf6 Bb2+ 99. Kg6 Ba3 100. Ne6+ 1-0

[Event "First Saturday IM Nov 2013"]
[Site "Budapest"]
[Date "2013.11.05"]
[Round "3.5"]
[White "Rudakov, Aleksandr"]
[Black "Kozak, Adam"]
[Result "1-0"]
[WhiteElo "2340"]
[BlackElo "2163"]
[PlyCount "87"]
[EventDate "2013.11.02"]

1. e4 e5 2. Nf3 Nc6 3. d4 exd4 4. Nxd4 Bc5 5. Be3 Qf6 6. c3 Nge7 7. Bc4 O-O 8.
O-O Bb6 9. Na3 Nxd4 10. cxd4 d5 11. exd5 Rd8 12. Qh5 Qg6 13. Qxg6 hxg6 14. Bg5
Kf8 15. Bxe7+ Kxe7 16. Rad1 Bf5 17. Bb3 Kf8 18. Rfe1 Re8 19. Re3 Re4 20. Rxe4
Bxe4 21. f3 Bf5 22. Nc4 Rd8 23. a4 c6 24. Nxb6 axb6 25. dxc6 bxc6 26. d5 c5 27.
Bc4 Bc2 28. Ra1 Ra8 29. b3 b5 30. Bxb5 Bxb3 31. Bc6 Ra6 32. a5 Ke7 33. Bb7 Ra7
34. a6 Kd6 35. Kf2 g5 36. Rb1 Ba4 37. Ke3 Ke5 38. Kd3 Kd6 39. Kc4 Bc2 40. Rb6+
Kc7 41. Kxc5 Bd3 42. d6+ Kd8 43. Rc6 f6 44. Kb6 1-0

[Event "First Saturday IM Nov 2013"]
[Site "Budapest"]
[Date "2013.11.05"]
[Round "3.6"]
[White "Kislik, Erik Andrew"]
[Black "Kozlitin, Oleg"]
[Result "0-1"]
[WhiteElo "2376"]
[BlackElo "2314"]
[PlyCount "96"]
[EventDate "2013.11.02"]

1. e4 c5 2. Nf3 d6 3. d4 cxd4 4. Nxd4 Nf6 5. Nc3 a6 6. Be3 e5 7. Nb3 Be6 8. f3
Nbd7 9. g4 h6 10. Qd2 Be7 11. O-O-O b5 12. h4 Qc7 13. Kb1 Nb6 14. Qf2 Rb8 15.
Bxb6 Qxb6 16. Qg2 b4 17. Nd5 Bxd5 18. exd5 a5 19. g5 Nh5 20. Qg4 g6 21. Nc1 Nf4
22. gxh6 Qc5 23. Nb3 Qc7 24. h5 g5 25. Nc1 a4 26. Ne2 Rc8 27. Qf5 a3 28. Nxf4
exf4 29. Bb5+ Kf8 30. Rd4 Rb8 31. Rc4 Qa5 32. Bd7 Rxh6 33. b3 Kg7 34. Re1 Bf6
35. Rg1 Kh8 36. Rxg5 Bxg5 37. Qxg5 Rh7 38. Qf6+ Kg8 39. Qxd6 Qa7 40. Qxb8+ Qxb8
41. Rc8+ Qxc8 42. Bxc8 Rxh5 43. c4 bxc3 44. d6 Rh2 45. d7 Rd2 46. Kc1 Kf8 47.
b4 Ke7 48. b5 Rxa2 0-1

[Event "First Saturday IM Nov 2013"]
[Site "Budapest"]
[Date "2013.11.06"]
[Round "4.1"]
[White "Szeberenyi, Adam"]
[Black "Kozlitin, Oleg"]
[Result "0-1"]
[WhiteElo "2314"]
[BlackElo "2314"]
[PlyCount "52"]
[EventDate "2013.11.02"]

1. d4 Nf6 2. c4 g6 3. Nc3 Bg7 4. e4 d6 5. Be2 O-O 6. Bg5 Nc6 7. d5 Ne5 8. Qd2
c6 9. O-O-O Qb6 10. f4 Neg4 11. Bh4 Nf2 12. Bxf2 Qxf2 13. Bd3 Qb6 14. h3 cxd5
15. cxd5 Nd7 16. Nge2 Nc5 17. g4 Bd7 18. Bc2 Rfc8 19. Kb1 a5 20. f5 a4 21. a3
Bb5 22. Nxb5 Qxb5 23. Nd4 Qc4 24. g5 Nb3 25. Bxb3 axb3 26. Rhf1 Bxd4 0-1

[Event "First Saturday IM Nov 2013"]
[Site "Budapest"]
[Date "2013.11.06"]
[Round "4.2"]
[White "Kozak, Adam"]
[Black "Kislik, Erik Andrew"]
[Result "1/2-1/2"]
[WhiteElo "2163"]
[BlackElo "2376"]
[PlyCount "118"]
[EventDate "2013.11.02"]

1. d4 Nf6 2. c4 g6 3. Nc3 Bg7 4. e4 d6 5. Nf3 O-O 6. Be2 e5 7. O-O Nc6 8. d5
Ne7 9. Ne1 Nd7 10. Be3 f5 11. f3 f4 12. Bf2 g5 13. Nd3 Ng6 14. c5 Nf6 15. Rc1
Rf7 16. Rc2 Bf8 17. cxd6 Bxd6 18. Nc5 Rg7 19. Ne6 Bxe6 20. dxe6 a6 21. Nd5 Nf8
22. Bc4 Kh8 23. Nxf6 Qxf6 24. Qd5 Rb8 25. Ba7 Rd8 26. Qxb7 Nxe6 27. Qxa6 Ra8
28. Bxe6 Qxe6 29. Qb7 Rag8 30. Qb3 Qxb3 31. axb3 g4 32. Kh1 g3 33. hxg3 Rxg3
34. Ra1 h5 35. Kh2 h4 36. Rf1 R8g6 37. Rg1 Kg7 38. Bf2 Kf7 39. Be1 Rh6 40. Rf1
Rg8 41. Kh3 Ke6 42. Rh1 Ra8 43. Bf2 Rb8 44. Ra1 Rg6 45. Be1 Rxb3 46. Ra8 Rd3
47. Ra1 Rg8 48. Rc3 Rd4 49. Rc2 Rb8 50. Bxh4 Rdb4 51. Ra6 Kd7 52. g3 Rb3 53.
Kg2 Rxb2 54. Rxb2 Rxb2+ 55. Kh3 fxg3 56. Bxg3 c5 57. Kg4 Rb8 58. f4 Rg8+ 59.
Kf3 exf4 1/2-1/2

[Event "First Saturday IM Nov 2013"]
[Site "Budapest"]
[Date "2013.11.06"]
[Round "4.3"]
[White "Nguyen, Thi Mai Hung"]
[Black "Rudakov, Aleksandr"]
[Result "1-0"]
[WhiteElo "2204"]
[BlackElo "2340"]
[PlyCount "105"]
[EventDate "2013.11.02"]

1. d4 d5 2. Nf3 Nf6 3. e3 c5 4. dxc5 e6 5. b4 a5 6. c3 b6 7. Bb5+ Bd7 8. Bxd7+
Nfxd7 9. a4 bxc5 10. b5 Be7 11. O-O O-O 12. Nbd2 Nb6 13. Qc2 N8d7 14. Ba3 e5
15. e4 dxe4 16. Nxe4 f5 17. Ng3 e4 18. Nd2 Ne5 19. Rfd1 Qc7 20. Ngf1 Kh8 21.
Ne3 c4 22. Qa2 Bxa3 23. Qxa3 Nd3 24. Qa2 Rac8 25. Rf1 Qc5 26. Nc2 Nd5 27. Qa3
Qc7 28. Nd4 Rf6 29. Ra2 Rh6 30. g3 Qf7 31. Rb1 Nxf2 32. Kxf2 Rxh2+ 33. Ke1 Qg6
34. Nf1 Rxa2 35. Qxa2 Nxc3 36. Qc2 Nxb1 37. Qxb1 Qf6 38. Ne2 Qb6 39. Qc1 Qc5
40. Qc3 Qc7 41. Ne3 Qc5 42. Nd4 f4 43. gxf4 Qh5 44. Ne6 Qh1+ 45. Kd2 Qh2+ 46.
Kc1 Qg1+ 47. Kb2 h5 48. Nf5 e3 49. Nxe3 h4 50. Nf5 Qg2+ 51. Ka3 h3 52. Ng5 Rc7
53. Qe5 1-0

[Event "First Saturday IM Nov 2013"]
[Site "Budapest"]
[Date "2013.11.06"]
[Round "4.4"]
[White "Kantor, Gergely"]
[Black "Lyell, Mark"]
[Result "0-1"]
[WhiteElo "2322"]
[BlackElo "2274"]
[PlyCount "186"]
[EventDate "2013.11.02"]

1. d4 f5 2. g3 Nf6 3. Bg2 e6 4. c4 Be7 5. Nf3 O-O 6. O-O d6 7. b3 Ne4 8. Bb2 a5
9. Nc3 Nxc3 10. Bxc3 Qe8 11. Nd2 c6 12. e4 f4 13. c5 d5 14. Re1 Qf7 15. Nf3 Nd7
16. Qe2 Bd8 17. Bd2 fxg3 18. hxg3 dxe4 19. Qxe4 e5 20. Be3 exd4 21. Bxd4 Nf6
22. Qc2 Ng4 23. Qc3 Bf5 24. Rad1 a4 25. Re2 axb3 26. axb3 Bf6 27. Bxf6 Qxf6 28.
Qxf6 Nxf6 29. Nd4 Rfd8 30. Red2 Ne4 31. Bxe4 Bxe4 32. f3 Bd5 33. b4 Rf8 34. Kf2
Ra4 35. Rb2 Bxf3 36. Nxf3 Ra3 37. Kg2 Raxf3 38. Rd7 R3f7 39. Rbd2 g6 40. Kh3
Rxd7 41. Rxd7 Rf7 42. Rd6 Kf8 43. b5 cxb5 44. Rb6 Ke8 45. Rxb5 Kd8 46. Rb6 Kc7
47. g4 Rd7 48. Kg3 Rd3+ 49. Kg2 Rc3 50. Rb5 Ra3 51. Kf2 Ra7 52. Rb6 Ra5 53. Rf6
Rxc5 54. Rf7+ Kc6 55. Rxh7 g5 56. Ke3 Rd5 57. Ke4 b5 58. Rh2 Rc5 59. Rh6+ Kc7
60. Rg6 Rc4+ 61. Kf5 Rc5+ 62. Ke4 b4 63. Kd4 Rb5 64. Kc4 b3 65. Rg7+ Kb6 66.
Rg8 Kc7 67. Rg7+ Kd8 68. Kxb5 b2 69. Rg8+ Kd7 70. Rg7+ Kd6 71. Rg6+ Ke7 72.
Rxg5 b1=Q+ 73. Ka6 Kd6 74. Rb5 Qd3 75. Kb6 Qd4+ 76. Kb7 Qc4 77. Rb6+ Kd7 78.
Rh6 Qe4+ 79. Ka6 Qd3+ 80. Kb7 Qe4+ 81. Ka6 Qc4+ 82. Kb7 Qc8+ 83. Ka7 Qc5+ 84.
Kb7 Qc2 85. g5 Qe4+ 86. Ka6 Kc7 87. Ka5 Qd5+ 88. Ka4 Qxg5 89. Rh7+ Kb6 90. Rh8
Qc5 91. Kb3 Qb5+ 92. Ka3 Qd3+ 93. Ka2 Qc2+ 0-1

[Event "First Saturday IM Nov 2013"]
[Site "Budapest"]
[Date "2013.11.06"]
[Round "4.5"]
[White "Matsenko, Andrei"]
[Black "Golubov, Saveliy"]
[Result "1/2-1/2"]
[WhiteElo "2269"]
[BlackElo "2282"]
[PlyCount "229"]
[EventDate "2013.11.02"]

1. e4 c5 2. Nf3 e6 3. d4 cxd4 4. Nxd4 a6 5. Bd3 Bc5 6. Nb3 Ba7 7. Qe2 Nc6 8.
Be3 d6 9. O-O Nf6 10. c4 O-O 11. Bxa7 Rxa7 12. Nc3 e5 13. Qe3 Be6 14. Be2 Ra8
15. Rfd1 Qb8 16. Rac1 Rd8 17. Rd2 b6 18. h3 Nd7 19. Na1 Nd4 20. Nc2 Nxc2 21.
Rcxc2 Rc8 22. b3 Nf6 23. Qd3 Rd8 24. Rd1 Ra7 25. Rcd2 Rc7 26. Qe3 Rcc8 27. Na4
b5 28. Nb6 Rc6 29. c5 Qc7 30. b4 Ne8 31. f4 exf4 32. Qxf4 Rb8 33. Nd5 Qa7 34.
Kh1 Qb7 35. Bf3 dxc5 36. Ne7+ Qxe7 37. Qxb8 Rc8 38. Qb6 cxb4 39. Qxa6 Rb8 40.
Qc6 Qh4 41. Kg1 b3 42. axb3 Bxb3 43. Rb1 Qf4 44. Rf2 Qe3 45. e5 Be6 46. Bd5
Qxe5 47. Rxb5 Rd8 48. Bxe6 Qe1+ 49. Kh2 fxe6 50. Qb6 Rd1 51. Qc5 h6 52. Rf8+
Kh7 53. Qc2+ g6 54. Rb7+ Ng7 55. Qc7 Qg1+ 56. Kg3 Rd3+ 57. Rf3 Rxf3+ 58. Kxf3
Qd4 59. Kg3 Qe3+ 60. Kh2 Qd4 61. Ra7 Qf6 62. Qb8 h5 63. Ra8 Kh6 64. Qd6 Nf5 65.
Qd2+ Kg7 66. Ra7+ Ne7 67. Qd6 Kf7 68. Rc7 h4 69. Ra7 g5 70. Kg1 Kf8 71. Ra8+
Kf7 72. Qd7 Kg7 73. Ra7 Kf7 74. Ra8 Kg6 75. Qe8+ Kh7 76. Qh5+ Kg7 77. Qh8+ Kg6
78. Qe8+ Kg7 79. Qd8 Kf7 80. Ra7 e5 81. Qd5+ Kf8 82. Qc5 Kf7 83. Rb7 Qe6 84.
Qe3 Qf5 85. Rb2 Nd5 86. Qc5 Nf6 87. Rb7+ Kg6 88. Re7 Qb1+ 89. Kh2 g4 90. hxg4
Nxg4+ 91. Kh3 Kh5 92. Rxe5+ Nxe5 93. Qxe5+ Kg6 94. Qe6+ Kg5 95. Qg4+ Kh6 96.
Qxh4+ Kg6 97. Qg3+ Kh6 98. Qd6+ Kg5 99. Qd8+ Kg6 100. Qg8+ Kh6 101. Qe6+ Kg5
102. Qd5+ Kg6 103. g3 Qb2 104. Qd6+ Kg5 105. Qf8 Kg6 106. Qc5 Qb1 107. Qd6+ Kg5
108. Qd5+ Kg6 109. Kg4 Qb4+ 110. Kh3 Qb1 111. Qf3 Qb2 112. g4 Qh8+ 113. Kg3
Qe5+ 114. Qf4 Qxf4+ 115. Kxf4 1/2-1/2